Handbook of the birds of the world / (Registro nro. 3038)
[ vista simple ]
| 000 -CABECERA | |
|---|---|
| Campo de control | 00796nam a2200253 a 4500 |
| 005 - FECHA Y HORA DE LA ULTIMA TRANSACCION | |
| Campo de control | 20160112040533.0 |
| 008 - ELEMENTOS DE LONGITUD FIJA—INFORMACION GENERAL | |
| Campo de control | 140307b1997 sp abd fr|||| 00| 0 eng d |
| 020 ## - ISBN | |
| ISBN | 8487334105 |
| 040 ## - FUENTE DE CATALOGACIÓN | |
| Agencia catalogadora original | CO-BoIAVH |
| Agencia transcriptora | CO-BoIAVH |
| 041 0# - IDIOMA | |
| Código de idioma para texto/pista de sonido o título separado | Inglés |
| 044 ## - PAÍS DE PUBLICACIÓN | |
| País de publicación | España |
| 082 04 - NUMERO DE CLASIFICACION DECIMAL DEWEY | |
| Número de clasificación | 598 |
| Número del ítem | H23b |
| 245 10 - MENCION DE TITULO | |
| Título | Handbook of the birds of the world / |
| 260 ## - PUBLICACION, DISTRIBUCION, ETC. (PIE DE IMPRENTA) | |
| Lugar de publicación, distribución, etc. | Barcelona : |
| Nombre del editor, distribuidor, etc. | Lynx Edicions : |
| -- | Birdlife International, |
| Fecha de publicación, distribución, etc. | 1997. |
| 300 ## - DESCRIPCION FISICA | |
| Extensión | 8 vols. : |
| Otros detalles físicos | ilustraciones, tablas, mapas ; |
| Dimensiones | 33 x 25 cm. |
| 650 #6 - ASIENTO SECUNDARIO DE MATERIA - TERMINO TEMATICO | |
| Término temático o nombre geográfico como elemento de entrada | Aves |
| 9 (RLIN) | 49353 |
| 650 #6 - ASIENTO SECUNDARIO DE MATERIA - TERMINO TEMATICO | |
| Término temático o nombre geográfico como elemento de entrada | Ornitologia |
| 9 (RLIN) | 49354 |
| 650 #6 - ASIENTO SECUNDARIO DE MATERIA - TERMINO TEMATICO | |
| Término temático o nombre geográfico como elemento de entrada | Taxonomía animal |
| 9 (RLIN) | 8245 |
| 650 #4 - ASIENTO SECUNDARIO DE MATERIA - TERMINO TEMATICO | |
| Término temático o nombre geográfico como elemento de entrada | Distribución geográfica de especies |
| 9 (RLIN) | 4687 |
| 700 1# - ASIENTO SECUNDARIO - NOMBRE PERSONAL | |
| Nombre personal | del Hoyo, Josep |
| Término de relación | Editor |
| 9 (RLIN) | 49352 |
| 700 1# - ASIENTO SECUNDARIO - NOMBRE PERSONAL | |
| Nombre personal | Elliott, Andrew |
| Término de relación | Editor |
| 9 (RLIN) | 18262 |
| 700 1# - ASIENTO SECUNDARIO - NOMBRE PERSONAL | |
| Nombre personal | Sargatal, Jordi |
| Término de relación | Editor |
| 9 (RLIN) | 18263 |
| 942 ## - ELEMENTOS ADICIONALES (KOHA) | |
| Tipo de ítem | Libro |
| Sistema de clasificación | Dewey Decimal Classification |
| Withdrawn status | Lost status | Sistema de Clasificación | Damaged status | No para préstamo | Colección | Inventariado | Ubicación Permanente | Ubicación actual | Fecha de adquisición | Fuente de Valor | Valor | Total Checkouts | Número topográfico | Inventario / Código de Barras | Date last seen | Date checked out | Ejemplar | Price effective from | Forma de adquisición | Tipo de material | Public note |
|---|---|---|---|---|---|---|---|---|---|---|---|---|---|---|---|---|---|---|---|---|---|
| Dewey Decimal Classification | General | Inventariado 2017 | Bogotá | Bogotá | 20/02/2003 | Instituto | 39000.00 | 2 | LB-598 H23b | 003761 | 20/02/2018 | 20/02/2018 | V.1 Ej.1 | 04/12/2012 | Compra | Libro | Ostrich to Ducks. | ||||
| Dewey Decimal Classification | General | Inventariado 2017 | Bogotá | Bogotá | 20/02/2003 | Instituto | 39000.00 | 3 | LB-598 H23b | 003762 | 05/07/2018 | 28/05/2018 | V.2 Ej.1 | 04/12/2012 | Compra | Libro | New world vultures to guineafowl. | ||||
| Dewey Decimal Classification | General | Inventariado 2017 | Bogotá | Bogotá | 20/02/2003 | Instituto | 39000.00 | LB-598 H23b | 003763 | 04/12/2012 | V.3 Ej.1 | 04/12/2012 | Compra | Libro | Hoatzin to auks. | ||||||
| Dewey Decimal Classification | General | Inventariado 2017 | Bogotá | Bogotá | 20/02/2003 | Instituto | 39000.00 | LB-598 H23b | 003764 | 04/12/2012 | V.4 Ej.1 | 04/12/2012 | Compra | Libro | Sandgrouse to cuckoos. | ||||||
| Dewey Decimal Classification | General | Inventariado 2017 | Bogotá | Bogotá | 20/02/2003 | Instituto | 39000.00 | LB-598 H23b | 003766 | 04/12/2012 | V.6 Ej.1 | 04/12/2012 | Compra | Libro | Mousebirds to hornbills. | ||||||
| Dewey Decimal Classification | General | Inventariado 2017 | Bogotá | Bogotá | 17/05/2007 | Instituto | 39000.00 | 1 | LB-598 H23b | 024336 | 21/07/2014 | 10/07/2014 | V.8 Ej.1 | 04/12/2012 | Compra | Libro | Broadbills to Tapaculos. | ||||
| Dewey Decimal Classification | General | Inventariado 2017 | Bogotá | Bogotá | 12/01/2016 | Instituto | 39000.00 | 1 | LB-598 H23b | 028704 | 29/06/2018 | 28/05/2018 | V.9 Ej.1 | 12/01/2016 | Libro | Cotingas to pipits and wagtails. | |||||
| Dewey Decimal Classification | General | Inventariado 2017 | Bogotá | Bogotá | 12/01/2016 | Instituto | 39000.00 | LB-598 H23b | 028705 | 12/01/2016 | V.10 Ej.1 | 12/01/2016 | Libro | Cuckooshrikes to thrushes. | |||||||
| Dewey Decimal Classification | General | Inventariado 2017 | Bogotá | Bogotá | 12/01/2016 | Instituto | 39000.00 | LB-598 H23b | 028706 | 12/01/2016 | V.12 Ej.1 | 12/01/2016 | Libro | Picathartes to tits and chickadees. | |||||||
| Local | General | Villa de Leyva | Villa de Leyva | 20/02/2003 | CID Humboldt | LB-02802 | 003765 | 04/12/2012 | V.5 Ej.1 | 04/12/2012 | Compra | Libro | |||||||||
| Local | General | Villa de Leyva | Villa de Leyva | 20/02/2003 | CID Humboldt | LB-02802 | 003767 | 04/12/2012 | V.7 Ej.1 | 04/12/2012 | Compra | Libro |